000 00473nam a2200157 i 4500
001 bg
100 1 _aKOWALA, Zdzisław
245 0 _aZbiór zadań z podstawowych procesów inżynierii chemicznej.
_nCz. 2,
_pPrzenoszenie ciepła /
_cZdzisław Kowala, Maksymilian Pająk, Jan Szust.
260 _aWrocław,
_c1979.
700 1 _aPAJĄK, Maksymilian
700 1 _aSZUST, Jan
040 _cBPK
041 _apol
942 _cKS
008 s pl f |000 0 pol
999 _c19949
_d19949
856 _uhttp://koha.tu.koszalin.pl/cgi-bin/koha/opac-detail.pl?biblionumber=19949
_yKatalog online BPK